| 000 | 00614nam a2200193 a 4500 | ||
|---|---|---|---|
| 001 | 000030537 | ||
| 005 | 20200930062351.0 | ||
| 008 | 110523s1927 dr r 000 0 spa d | ||
| 040 |
_aDO-SdBNP _bspa _cBNPHU |
||
| 082 |
_a784.18 _bA797d |
||
| 100 | 1 |
_aArzemo, Julio _957162 |
|
| 245 | 1 | 0 |
_aDel folk-lore musical dominicano / _cJulio Arzemo. |
| 260 |
_aSanto Domingo : _bImp. La Cuna de América, _c1927. |
||
| 300 |
_av. ; _c25 cm. |
||
| 500 | _aLa biblioteca posee el v. 1 | ||
| 590 | _aInventariado, 2018/ YL | ||
| 650 | 4 |
_aCanciones folclóricas dominicanas _926921 |
|
| 910 | _aValidado. Control de calidad MFF | ||
| 999 |
_c30029 _d30029 |
||